| 000 | 00760cam a2200241 4500 | ||
|---|---|---|---|
| 001 | 32543 | ||
| 003 | AR-RoBPED | ||
| 005 | 20260410105605.0 | ||
| 008 | 260409s1971 |||||||| |||| 00| 1 spa d | ||
| 040 | _aAR-RoBPED | ||
| 041 | _aspa | ||
| 100 | 1 |
_aHammett, Dashiell _d1894-1961 _93568 |
|
| 245 | 1 | 3 |
_aLa maldición de los Dain / _cDashiell Hammet; prologo de Luis Izquierdo |
| 260 |
_aEspaña: _bSalvat, _c1971. |
||
| 300 | _a181 p. | ||
| 490 | 0 |
_a(Biblioteca Básica Salvat ; _v75) |
|
| 650 | 4 |
_aLITERATURA ESTADOUNIDENSE _9294 |
|
| 650 | 4 |
_aNOVELAS _925 |
|
| 650 | 4 |
_aNOVELAS POLICIALES _91746 |
|
| 700 |
_aIzquierdo, Luis _930687 _epról. |
||
| 942 |
_2udc _ak. 32543 _cBK _h820(73)-31 _mH 19 m _ninv. 42354 |
||
| 945 | _amm 09/04/2026 mev 10/04/2026 | ||
| 999 |
_c32543 _d32543 |
||